| 000 | 00730nam a2200193Ia 4500 | ||
|---|---|---|---|
| 008 | 151121s9999||||xx |||||||||||||| ||und|| | ||
| 082 | _a016।5/नाडक | ||
| 082 | _bHNW-79030 | ||
| 100 | _aनाडकर्णी सुरेश | ||
| 245 | _aमराठी वैघक ग्रंथसूची | ||
| 260 | _b"राज्य मराठी विकास संस्था, मुंबई।" | ||
| 260 | _c-- | ||
| 300 | _a280 | ||
| 600 | _aनाडकर्णी सुरेश | ||
| 630 | _aमराठी वैघक ग्रंथसूची | ||
| 700 | _aनाडकर्णी सुरेश | ||
| 730 | _aमराठी वैघक ग्रंथसूची | ||
| 942 | _cBOOK | ||
| 999 |
_c1260430 _d1260427 |
||